Freshwater Aquarium : Fish

Bibliographic Details
Format: Book
Published: Rochester : Grange Books , 1998
Subjects:

MARC

LEADER 00000cam a2200000 7i4500
001 0000055330
005 20160319.0
008 151117
020 |a 1840131322 
090 0 0 |a 597.0929   |b FRE 
245 1 0 |a Freshwater Aquarium :   |b Fish 
260 |a Rochester :   |b Grange Books ,   |c 1998 
300 |a 64pg 
500 |a Includes Index 
650 0 |a Fishes, Fresh water   |x Juvenile Litreature 
999 |a 0000795993   |b Book   |c Adult Collection   |e Cawangan Segamat 
999 |a 0000799070   |b Book   |c Adult Collection   |e Cawangan Pontian 
999 |a 0000818380   |b Book   |c Adult Collection   |e Cawangan Mersing 
999 |a 0000827441   |b Book   |c Adult Collection   |e Cawangan Segamat 
999 |a 0000827444   |b Book   |c REFERENCE   |e Cawangan Tmn. Ungku Tun Aminah 
999 |a 0000827446   |b Book   |c REFERENCE   |e Cawangan Bandar Penawar